ՀՀ Գիտությունների ազգային ակադեմիայի հիմնարար գիտական գրադարան  =   Fundamental Scientific Library of NAS RA

Махабхарата : (Record no. 175151)

MARC details
000 -LEADER
fixed length control field 01460nam a2200217 u 4500
001 - CONTROL NUMBER
control field 000477582
003 - CONTROL NUMBER IDENTIFIER
control field AM-YeHGA
005 - DATE AND TIME OF LATEST TRANSACTION
control field 20250617134028.0
008 - FIXED-LENGTH DATA ELEMENTS--GENERAL INFORMATION
fixed length control field 060301s|||| ||| r ||| 0 rus d
020 ## - INTERNATIONAL STANDARD BOOK NUMBER
International Standard Book Number 5833802261
040 ## - CATALOGING SOURCE
Original cataloging agency AM-YeHGA
041 0# - LANGUAGE CODE
Language code of text/sound track or separate title rus
090 ## - LOCALLY ASSIGNED LC-TYPE CALL NUMBER (OCLC); LOCAL CALL NUMBER (RLIN)
-- 176593
245 00 - TITLE STATEMENT
Title Махабхарата :
Remainder of title [Филос. тексты] /
Statement of responsibility, etc. АН ТССР.
250 ## - EDITION STATEMENT
Edition statement 2-е изд.
260 ## - PUBLICATION, DISTRIBUTION, ETC.
Place of publication, distribution, etc. Ашхабад :
Name of publisher, distributor, etc. Ылым.
300 ## - PHYSICAL DESCRIPTION
Extent вып.
505 10 - FORMATTED CONTENTS NOTE
Miscellaneous information Вып. I (1986, 161 с.: ил. ) :
Title Две поэмы из III кн. : Сказание о Нале; Супружеская верность ;
Miscellaneous information Вып. III (1985, 488 с.: ил. ) :
Title Горец
Miscellaneous information Вып. V, Кн. 1 (1983, 664 с.)
Title Мокшадхарма (основа освобождения) : (Кн. 12, гл. 175-367, шлоки 6457-12649)
Miscellaneous information Вып. V (1984, 326 с.: ил. ) :
Title Нараяния (Кн. 12, гл. 175-367, шлоки 6457-13943);
Miscellaneous information Вып. VI(1989, 584 с.: ил. ) :
Title Лесная : Хождение по криницам (кн. III, гл. 80-175, 311-315)
Miscellaneous information Вып. VII (1981, 291 с.: ил. )
Title Книга о Бхишме; Книга о побоище палицами
Miscellaneous information Вып. VIII (1982, 204 с.: ил. )
Title Книга о нападении на спящих (кн. X, гл. 1-18); Книга о женах (кн. XI, гл.1-27)
653 0# - INDEX TERM--UNCONTROLLED
Uncontrolled term Эпос народов Индии (х. л.)
710 2# - ADDED ENTRY--CORPORATE NAME
Corporate name or jurisdiction name as entry element Академия наук Туркменской ССР
Holdings
Withdrawn status Lost status Damaged status Not for loan Collection Home library Current library Date acquired Serial enumeration / chronology Total checkouts Full call number Barcode Date last seen Price effective from Koha item type Public note
        General Fundamental Scientific Library Fundamental Scientific Library 28/12/2016 Вып. 4   891.2-1+398.2(540)+1(34)) 120610081 28/12/2016 28/12/2016 Գրքեր / Books 30 Days Loan
        General Fundamental Scientific Library Fundamental Scientific Library 28/12/2016 Вып. 7   PII/464747 FL0310744 28/12/2016 28/12/2016 Գրքեր / Books 30 Days Loan
        General Fundamental Scientific Library Fundamental Scientific Library 28/12/2016 Вып. 8   PII/499938 FL0234476 28/12/2016 28/12/2016 Գրքեր / Books 30 Days Loan
        General Fundamental Scientific Library Fundamental Scientific Library 28/12/2016 Вып. 5, Кн. 1   PII/509804 FL0214463 28/12/2016 28/12/2016 Գրքեր / Books 30 Days Loan
        General Fundamental Scientific Library Fundamental Scientific Library 28/12/2016 Вып. 5, Кн. 1   PII/513176 FL0208706 28/12/2016 28/12/2016 Գրքեր / Books 30 Days Loan
        General Fundamental Scientific Library Fundamental Scientific Library 28/12/2016 Вып. 8   PII/553034 FL0134361 28/12/2016 28/12/2016 Գրքեր / Books 30 Days Loan
        General Fundamental Scientific Library Fundamental Scientific Library 28/12/2016 Вып. 7   PII/553035 FL0134360 28/12/2016 28/12/2016 Գրքեր / Books 30 Days Loan
        General Fundamental Scientific Library Fundamental Scientific Library 28/12/2016 Вып. III   PII/557733 FL0127386 28/12/2016 28/12/2016 Գրքեր / Books 30 Days Loan
        General Fundamental Scientific Library Fundamental Scientific Library 28/12/2016 Вып. 1   PII/565972 FL0115251 28/12/2016 28/12/2016 Գրքեր / Books 30 Days Loan


ՀՀ ԳԱԱ հիմնարար գիտական գրադարան
ՀՀ,Երևան 0019
Մարշալ Բաղրամյան 24/6
հեռախոս:(374-10) 52-47-50
Հետադարձ կապ

All site content, except where otherwise noted, is licensed under a
Creative Commons License